[Event "CYCC U12"]
[Site "Calgary CAN"]
[Date "2023.07.22"]
[Round "7.120"]
[White "Tenkov, Arkady"]
[Black "Gautam, Arnav"]
[Result "1-0"]
[WhiteElo "1663"]
[BlackElo "1217"]
[PlyCount "105"]
[EventDate "2023.07.19"]
[EventType "swiss"]
[EventRounds "7"]
[EventCountry "CAN"]

1. e4 e6 2. d3 d5 3. Nd2 c5 4. Ngf3 Nc6 5. g3 Nf6 6. Bg2 Bd6 7. O-O O-O 8. Re1
Qc7 9. Qe2 Nd7 10. c3 d4 11. Nc4 e5 12. Nxd6 Qxd6 13. Nh4 Nb6 14. c4 Be6 15. b3
f6 16. f4 Rae8 17. f5 Bf7 18. Qg4 Kh8 19. Ng6+ hxg6 20. fxg6 Bxg6 21. Qxg6 Qe6
22. Qh5+ Kg8 23. Bh3 Qf7 24. Qh4 Ne7 25. Ba3 f5 26. Bxc5 fxe4 27. Rf1 Qg6 28.
Bxe7 Rxf1+ 29. Rxf1 exd3 30. Bg5 Rf8 31. Qh8+ Kxh8 32. Rxf8+ Kh7 33. Bf5 e4 34.
Bxg6+ Kxg6 35. Bc1 Nd7 36. Rf4 Nf6 37. Rxf6+ Kxf6 38. Kf2 e3+ 39. Bxe3 dxe3+
40. Kxe3 Kf5 41. Kxd3 Kg4 42. Ke3 Kh3 43. Kf3 g5 44. g4 Kxh2 45. b4 a6 46. b5
axb5 47. cxb5 b6 48. a4 Kh3 49. a5 bxa5 50. b6 a4 51. b7 a3 52. b8=Q a2 53.
Qh8# 1-0

[Event "CYCC U12"]
[Site "Calgary CAN"]
[Date "2023.07.22"]
[Round "7.121"]
[White "Zhan, Jayden"]
[Black "Duanmu, Isaac"]
[Result "0-1"]
[WhiteElo "1431"]
[BlackElo "1620"]
[PlyCount "66"]
[EventDate "2023.07.19"]
[EventType "swiss"]
[EventRounds "7"]
[EventCountry "CAN"]

1. e4 c6 2. d3 d5 3. Nd2 dxe4 4. dxe4 e5 5. Ngf3 Bg4 6. h3 Bxf3 7. Qxf3 Nf6 8.
b3 Bb4 9. c3 Bc5 10. Bb2 Nbd7 11. g3 O-O 12. Bg2 Qc7 13. O-O Rad8 14. Rad1 a5
15. a3 Ba7 16. b4 axb4 17. cxb4 b5 18. Nb3 Nb6 19. Na5 c5 20. Qc3 Nfd7 21. Ba1
c4 22. Nb3 Na4 23. Qc2 Rc8 24. Rc1 Nb8 25. Rfd1 Nc6 26. Nd2 Nd4 27. Bxd4 exd4
28. Bf1 d3 29. Bxd3 Qxg3+ 30. Kh1 Qxh3+ 31. Kg1 Rc6 32. e5 Qg3+ 33. Kh1 Rh6#
0-1

[Event "CYCC U12"]
[Site "Calgary CAN"]
[Date "2023.07.22"]
[Round "7.122"]
[White "Lee, Daniel"]
[Black "Kumbharathi, Harsha"]
[Result "1-0"]
[WhiteElo "1166"]
[BlackElo "1547"]
[PlyCount "117"]
[EventDate "2023.07.19"]
[EventType "swiss"]
[EventRounds "7"]
[EventCountry "CAN"]

1. e4 c6 2. d4 d5 3. exd5 cxd5 4. Bd3 Nc6 5. Nf3 Bg4 6. c3 e6 7. Bf4 Bd6 8.
Bxd6 Qxd6 9. h3 Bh5 10. Nbd2 Nge7 11. Qc2 Bg6 12. O-O O-O 13. Bxg6 Nxg6 14.
Rfe1 Rfe8 15. g3 Rac8 16. h4 h6 17. h5 Nge7 18. Qd3 Kh8 19. Ne5 Rf8 20. Ndf3
Ng8 21. g4 Qe7 22. Rac1 Rfd8 23. b4 Rf8 24. Nxc6 Rxc6 25. Ne5 Rc7 26. Re2 Rfc8
27. Rec2 Nf6 28. a3 Nd7 29. Nxd7 Qxd7 30. c4 b6 31. c5 b5 32. c6 Rxc6 33. Qxb5
Rxc2 34. Qxd7 Rxc1+ 35. Kg2 R8c2 36. Qxa7 f6 37. a4 Re2 38. Qb8+ Kh7 39. Qf4
Ree1 40. a5 Rg1+ 41. Kf3 Rc3+ 42. Ke2 Rc2+ 43. Kd3 Rc4 44. b5 g5 45. Qxf6 Re1
46. Qg6+ Kh8 47. Qxh6+ Kg8 48. Qxg5+ Kh8 49. h6 Rc7 50. Qd8+ Kh7 51. Qxc7+ Kxh6
52. Qf4+ Kh7 53. b6 e5 54. Qxe5 Rd1+ 55. Kc2 Rg1 56. b7 Rxg4 57. Qh5+ Kg7 58.
Qxg4+ Kh7 59. b8=R 1-0

[Event "CYCC U12"]
[Site "Calgary CAN"]
[Date "2023.07.22"]
[Round "7.123"]
[White "Patil, Tanishq"]
[Black "Schantz, Korbin"]
[Result "1/2-1/2"]
[WhiteElo "1543"]
[BlackElo "1116"]
[PlyCount "167"]
[EventDate "2023.07.19"]
[EventType "swiss"]
[EventRounds "7"]
[EventCountry "CAN"]

1. d4 d5 2. Bf4 Nf6 3. e3 Bf5 4. Nf3 c5 5. c3 Qb6 6. Qb3 e6 7. Nbd2 Nbd7 8. Be2
Be7 9. O-O O-O 10. Nh4 Bg6 11. Nxg6 hxg6 12. Bg5 Qc7 13. Nf3 Rfe8 14. Bb5 a6
15. Bxd7 Nxd7 16. Bf4 Bd6 17. Bxd6 Qxd6 18. Rad1 c4 19. Qc2 Qc6 20. Rfe1 e5 21.
dxe5 Nxe5 22. Nxe5 Rxe5 23. Rd4 Rae8 24. Red1 Rh5 25. Qd2 Qd6 26. g3 Rd8 27. e4
Qe6 28. exd5 Qh3 29. f4 Rd6 30. Qg2 Qc8 31. Re1 f6 32. Red1 Qc5 33. Kf1 Kf7 34.
Qe2 Rhxd5 35. Re1 Rd8 36. Rxc4 Qd6 37. Qg2 b5 38. Rce4 Rd2 39. R4e2 Qd3 40. Qe4
Qxe4 41. Rxe4 Rxb2 42. R4e2 Rdd2 43. Rxd2 Rxd2 44. Re2 Rd1+ 45. Kf2 Rc1 46. Re3
Rc2+ 47. Re2 Rxc3 48. Rb2 Ke6 49. a4 bxa4 50. Rb6+ Kd5 51. Rxa6 a3 52. Ke2 Kc5
53. Kd2 Rb3 54. Ra8 Rb2+ 55. Kc3 Rxh2 56. Rxa3 Rf2 57. Ra7 Rf3+ 58. Kd2 Rxg3
59. Rxg7 Kd4 60. Ra7 Ke4 61. Ra4+ Kf5 62. Ke2 Kg4 63. Ra6 f5 64. Rxg6+ Kxf4 65.
Ra6 Re3+ 66. Kf2 Re5 67. Rh6 Kg4 68. Rg6+ Kh5 69. Rf6 Kg5 70. Rf8 Re6 71. Rg8+
Rg6 72. Rxg6+ Kxg6 73. Kf3 Kf6 74. Kf4 Ke6 75. Kf3 Ke5 76. Ke3 Kd5 77. Kf4 Ke6
78. Kf3 Ke5 79. Ke3 f4+ 80. Kf3 Kf5 81. Kf2 Kg4 82. Kg2 Kh4 83. Kf3 Kg5 84. Kf2
1/2-1/2

[Event "CYCC U12"]
[Site "Calgary CAN"]
[Date "2023.07.22"]
[Round "7.125"]
[White "Curran, Dylan"]
[Black "Huang, David"]
[Result "0-1"]
[WhiteElo "865"]
[BlackElo "1138"]
[PlyCount "50"]
[EventDate "2023.07.19"]
[EventType "swiss"]
[EventRounds "7"]
[EventCountry "CAN"]

1. e4 e5 2. Nf3 Nc6 3. Bb5 a6 4. Ba4 Nf6 5. O-O Be7 6. Re1 b5 7. Bb3 O-O 8. c3
d5 9. exd5 Nxd5 10. Nxe5 Nxe5 11. Rxe5 c6 12. d4 Bd6 13. Re1 Qh4 14. f4 Nxf4
15. g3 Nh3+ 16. Kh1 Nf2+ 17. Kg1 Bxg3 18. hxg3 Qxg3+ 19. Kf1 Nxd1 20. Bxd1 Bh3+
21. Ke2 Rfe8+ 22. Kd2 Qxe1+ 23. Kc2 Bf5+ 24. Kb3 Qxd1+ 25. Ka3 Qa4# 0-1

[Event "CYCC U12"]
[Site "Calgary CAN"]
[Date "2023.07.22"]
[Round "7.127"]
[White "Xue, Zachary"]
[Black "Ma, Nicholas"]
[Result "1/2-1/2"]
[WhiteElo "1522"]
[BlackElo "909"]
[PlyCount "53"]
[EventDate "2023.07.19"]
[EventType "swiss"]
[EventRounds "7"]
[EventCountry "CAN"]

1. e4 e5 2. Nf3 Nc6 3. Bc4 Nf6 4. d3 Bc5 5. Bg5 h6 6. Bh4 Be7 7. Nc3 d6 8. h3
Be6 9. Bb3 Qd7 10. Bxe6 Qxe6 11. Qd2 O-O-O 12. O-O-O g5 13. Bg3 Nb4 14. Kb1 d5
15. b3 d4 16. Na4 Qa6 17. Bxe5 b5 18. c3 dxc3 19. Qxc3 Rd7 20. Bxf6 Bxf6 21.
Qxb4 bxa4 22. Qc4 Qxc4 23. bxc4 Rhd8 24. Kc2 c5 25. g4 Rb7 26. h4 Rb2+ 27. Kc1
1/2-1/2

[Event "CYCC U12 w"]
[Site "Calgary CAN"]
[Date "2023.07.19"]
[Round "1.54"]
[White "Deepak, Laksshana"]
[Black "Doroshenko, Sophia"]
[Result "1-0"]
[WhiteElo "1681"]
[BlackElo "1128"]
[PlyCount "69"]
[EventDate "2023.07.19"]
[EventType "swiss"]
[EventRounds "7"]
[EventCountry "CAN"]

1. e4 e5 2. Nf3 Nc6 3. Nc3 g6 4. d4 exd4 5. Nxd4 Bg7 6. Be3 Nge7 7. Qd2 O-O 8.
O-O-O d6 9. f3 a6 10. g4 b5 11. h4 b4 12. Nd5 Nxd5 13. Nxc6 Qf6 14. Bd4 Qxf3
15. Bg2 Bxd4 16. Bxf3 Be3 17. exd5 Bxd2+ 18. Rxd2 Re8 19. Re2 Bb7 20. Rhe1 Bxc6
21. dxc6 Rxe2 22. Rxe2 a5 23. Bd5 a4 24. Re7 Ra7 25. Rxf7 Kh8 26. h5 Ra5 27. h6
Ra8 28. Rxc7 Rf8 29. Rf7 Rc8 30. Be6 Ra8 31. c7 b3 32. c8=Q+ Rxc8 33. Bxc8 Kg8
34. Be6 bxa2 35. Rf6+ 1-0

[Event "CYCC U12 w"]
[Site "Calgary CAN"]
[Date "2023.07.19"]
[Round "1.55"]
[White "Chan, Allison"]
[Black "Zhao, Erin"]
[Result "0-1"]
[WhiteElo "1081"]
[BlackElo "1613"]
[PlyCount "106"]
[EventDate "2023.07.19"]
[EventType "swiss"]
[EventRounds "7"]
[EventCountry "CAN"]

1. e4 c5 2. Nc3 Nc6 3. Bc4 e6 4. Nf3 Nf6 5. O-O d5 6. exd5 exd5 7. Bb5 Bd7 8.
d3 Be7 9. Ne2 O-O 10. c3 a6 11. Ba4 b5 12. Bc2 Bg4 13. Nd2 d4 14. h3 Bf5 15.
Ne4 c4 16. Nxf6+ Bxf6 17. cxd4 Nxd4 18. Nxd4 Qxd4 19. dxc4 Qxd1 20. Bxd1 Bd3
21. Re1 bxc4 22. a3 Rab8 23. Ra2 Rb6 24. Ba4 h6 25. Re8 Rxe8 26. Bxe8 Kf8 27.
Ba4 Bd4 28. g3 Rb8 29. Kg2 Be4+ 30. Kf1 Bb1 31. Ra1 Bd3+ 32. Ke1 Bxb2 33. Bxb2
Rxb2 34. h4 Ke7 35. f4 Kf6 36. Bd7 Ke7 37. Bc8 a5 38. Ba6 Rh2 39. Rc1 Rh1+ 40.
Kd2 Rxc1 41. Kxc1 Kd6 42. Kd2 Kc5 43. Kc3 Kd5 44. Bb7+ Kc5 45. Ba6 Bf1 46. a4
Be2 47. Bb5 f6 48. Ba6 Bd1 49. Bxc4 Bxa4 50. Ba2 Bc6 51. Bc4 a4 52. Ba2 a3 53.
g4 Bd5 0-1

[Event "CYCC U12 w"]
[Site "Calgary CAN"]
[Date "2023.07.19"]
[Round "1.56"]
[White "Chen, Shuang"]
[Black "He, Caelyn"]
[Result "1-0"]
[WhiteElo "1576"]
[BlackElo "1025"]
[PlyCount "41"]
[EventDate "2023.07.19"]
[EventType "swiss"]
[EventRounds "7"]
[EventCountry "CAN"]

1. e4 e5 2. Nf3 Nc6 3. Bb5 a6 4. Ba4 Nf6 5. d3 d5 6. Nxe5 Bd7 7. Nxc6 Bxc6 8.
Bxc6+ bxc6 9. O-O Bd6 10. Re1 Be7 11. Nc3 O-O 12. Bg5 Nxe4 13. Bxe7 Nxc3 14.
bxc3 Qd7 15. Bxf8 Rxf8 16. Rb1 Re8 17. Rb7 Rxe1+ 18. Qxe1 h6 19. Qe5 Qe6 20.
Qxe6 fxe6 21. Rxc7 1-0

[Event "CYCC U12 w"]
[Site "Calgary CAN"]
[Date "2023.07.19"]
[Round "1.57"]
[White "Maslov, Ayla"]
[Black "Chen, Rae"]
[Result "0-1"]
[WhiteElo "931"]
[BlackElo "1548"]
[PlyCount "80"]
[EventDate "2023.07.19"]
[EventType "swiss"]
[EventRounds "7"]
[EventCountry "CAN"]

1. e4 d6 2. d4 Nf6 3. Nc3 c6 4. Nf3 Qa5 5. Bd2 e5 6. Bd3 Qc7 7. O-O Be7 8. h3
O-O 9. Be3 Nbd7 10. Nh2 b5 11. f4 b4 12. Ne2 c5 13. c3 Bb7 14. Qc2 bxc3 15.
bxc3 c4 16. Ng3 cxd3 17. Qxd3 Qc6 18. d5 Qa4 19. f5 Ba6 20. Qd1 Qa3 21. Rf3 Bd8
22. Ng4 Bb6 23. Kh1 Nxg4 24. hxg4 Bxe3 25. Rxe3 Rfc8 26. Qf3 Qb2 27. Rae1 Qxa2
28. g5 f6 29. Qh5 Qf2 30. g6 h6 31. Qf3 Qxf3 32. Rxf3 Bc4 33. Rb1 Rcb8 34. Rc1
a5 35. Nf1 Bxf1 36. Rcxf1 a4 37. R3f2 a3 38. Ra1 Nc5 39. Raa2 Nxe4 40. Rf3 Rb2
0-1

[Event "CYCC U12 w"]
[Site "Calgary CAN"]
[Date "2023.07.19"]
[Round "1.58"]
[White "Guan, Isabelle"]
[Black "Nguyen, Katherine"]
[Result "1-0"]
[WhiteElo "1406"]
[BlackElo "921"]
[PlyCount "81"]
[EventDate "2023.07.19"]
[EventType "swiss"]
[EventRounds "7"]
[EventCountry "CAN"]

1. e4 e5 2. Nf3 Nc6 3. Bc4 Bc5 4. d3 Nf6 5. Nc3 d6 6. Bg5 h6 7. Bh4 g5 8. Bg3
Bg4 9. Qd2 Qd7 10. Bb5 O-O-O 11. a3 Qe8 12. Nd5 Nh5 13. O-O-O Bd7 14. h4 Nxg3
15. fxg3 gxh4 16. Nf6 Qe7 17. Nxd7 Qxd7 18. Nxh4 a6 19. Ba4 b5 20. Bb3 Nd4 21.
Kb1 Nxb3 22. cxb3 Bb6 23. Nf5 Qe6 24. Qc2 Bd4 25. Rc1 Bb6 26. Qc6 d5 27. Ne7+
Qxe7 28. Qa8+ Kd7 29. Qc6+ Kc8 30. Qxb6 Qd6 31. Rc6 Qd7 32. Qxa6+ Kb8 33. Qxb5+
Kc8 34. Rhc1 dxe4 35. dxe4 Rde8 36. Qa5 Qd3+ 37. Ka1 Kb8 38. Qxc7+ Ka8 39. Qa5+
Qa6 40. Rxa6+ Kb8 41. Qc7# 1-0

[Event "CYCC U12 w"]
[Site "Calgary CAN"]
[Date "2023.07.19"]
[Round "1.59"]
[White "Leung, Katherine"]
[Black "Guan, Marie"]
[Result "1-0"]
[WhiteElo "873"]
[BlackElo "1291"]
[PlyCount "101"]
[EventDate "2023.07.19"]
[EventType "swiss"]
[EventRounds "7"]
[EventCountry "CAN"]

1. e4 e6 2. d4 d5 3. exd5 exd5 4. Bd3 Bd6 5. Ne2 Nc6 6. c3 Nge7 7. Bf4 Bg4 8.
Bxd6 Qxd6 9. h3 Bh5 10. O-O O-O-O 11. Nd2 g5 12. Qc2 g4 13. Bf5+ Kb8 14. Bxg4
Bxg4 15. hxg4 h5 16. g5 h4 17. Qd3 Ng6 18. Qh3 Qe7 19. Qe3 Qf8 20. Rfe1 Re8 21.
Qd3 Qd6 22. Qf5 Rh5 23. Nf3 Nce7 24. Qg4 Reh8 25. Qh3 f6 26. gxf6 Qxf6 27. Rad1
Nf5 28. Kf1 Qa6 29. a3 Nf4 30. Qg4 Nxe2 31. Rxe2 Ng3+ 32. fxg3 hxg3 33. Ke1
Rh1+ 34. Kd2 Rxd1+ 35. Kxd1 Qd3+ 36. Nd2 Rh1+ 37. Re1 Rxe1+ 38. Kxe1 Qe3+ 39.
Qe2 Qg1+ 40. Nf1 c6 41. Qe5+ Kc8 42. Qxg3 Kd7 43. Qf2 Qh1 44. Ke2 Qh7 45. Ne3
Qb1 46. Qf5+ Qxf5 47. Nxf5 Ke6 48. g4 b6 49. b4 Kf6 50. Kf3 Kg5 51. Ne7 1-0

[Event "CYCC U12 w"]
[Site "Calgary CAN"]
[Date "2023.07.19"]
[Round "1.60"]
[White "Wang, April"]
[Black "Wang, Angela"]
[Result "1-0"]
[WhiteElo "1287"]
[BlackElo "871"]
[PlyCount "103"]
[EventDate "2023.07.19"]
[EventType "swiss"]
[EventRounds "7"]
[EventCountry "CAN"]

1. d4 d5 2. Bf4 Nf6 3. Nf3 Nc6 4. e3 Bg4 5. c4 e6 6. Nc3 Bb4 7. a3 Bxc3+ 8.
bxc3 Ne4 9. Qb3 Na5 10. Qb4 Nc6 11. Qb2 Rb8 12. Be2 O-O 13. O-O Qf6 14. Bxc7
Rbc8 15. Bg3 dxc4 16. Rfc1 Ne7 17. Qxb7 Nd5 18. Qb2 Nxg3 19. hxg3 Rb8 20. Qd2
Bxf3 21. Bxf3 Rb6 22. Be2 Rc8 23. Qa2 Rbc6 24. Rab1 Qe7 25. e4 Nb6 26. Rb4 Qg5
27. Rcb1 Qd8 28. a4 a5 29. Rb5 Nd7 30. Rb7 Rb6 31. Bxc4 Rxb7 32. Rxb7 Nb6 33.
Be2 Rxc3 34. Qb2 Rc6 35. Qb5 Rc1+ 36. Kh2 Nc8 37. Rb8 h6 38. Qb7 Rc7 39. Qa8
Kh7 40. Ba6 Ra7 41. Qxa7 Qg5 42. Rxc8 Qg6 43. Qb8 Qh5+ 44. Kg1 Qd1+ 45. Bf1
Qxd4 46. Qf4 Qd7 47. Rc7 Qxa4 48. Qxf7 Qd4 49. Qxe6 a4 50. Qf5+ Kg8 51. Rc8+
Qd8 52. Rxd8# 1-0

[Event "CYCC U12 w"]
[Site "Calgary CAN"]
[Date "2023.07.19"]
[Round "1.61"]
[White "Wangluo, Joanne"]
[Black "Doroshenko, Dasha"]
[Result "1-0"]
[WhiteElo "799"]
[BlackElo "1278"]
[PlyCount "73"]
[EventDate "2023.07.19"]
[EventType "swiss"]
[EventRounds "7"]
[EventCountry "CAN"]

1. d4 Nf6 2. Nf3 g6 3. Bf4 Bg7 4. h3 d6 5. e3 O-O 6. Bd3 Nc6 7. c3 Nd7 8. Nbd2
e5 9. Bh2 d5 10. dxe5 Ndxe5 11. Bc2 Be6 12. O-O h5 13. h4 Bg4 14. Qe2 Bf6 15.
Bg3 a6 16. Rfe1 g5 17. hxg5 Bxg5 18. Qf1 Bxf3 19. Nxf3 Nxf3+ 20. gxf3 h4 21.
Qh3 Qf6 22. f4 Bh6 23. Bxh4 Qg7+ 24. Kh1 Qh8 25. Rg1+ Bg7 26. Rxg7+ Qxg7 27.
Rg1 Qxg1+ 28. Kxg1 f6 29. Qe6+ Rf7 30. Bh7+ Kf8 31. Bg6 Rg7 32. Qxf6+ Kg8 33.
Bg5 Rf8 34. Qe6+ Kh8 35. Bf6 Nd8 36. Bxg7+ Kxg7 37. Qe7+ 1-0

[Event "CYCC U12 w"]
[Site "Calgary CAN"]
[Date "2023.07.19"]
[Round "1.62"]
[White "Li, Yeeshuen"]
[Black "Vallabhajosyula, Vijaya"]
[Result "0-1"]
[WhiteElo "1251"]
[BlackElo "760"]
[PlyCount "114"]
[EventDate "2023.07.19"]
[EventType "swiss"]
[EventRounds "7"]
[EventCountry "CAN"]

1. e4 g6 2. d4 Bg7 3. Nf3 d6 4. Be3 Nf6 5. Nc3 O-O 6. Qd2 Ng4 7. O-O-O Nxe3 8.
Qxe3 Bg4 9. h3 Bxf3 10. Qxf3 Nc6 11. Ne2 Bh6+ 12. Kb1 Bg7 13. g4 h6 14. h4 e6
15. Qe3 a5 16. f4 f5 17. exf5 exf5 18. Qe6+ Kh7 19. h5 Rf6 20. hxg6+ Rxg6 21.
Qxf5 Qf8 22. Qxf8 Rxf8 23. Bh3 Re6 24. Rh2 Rfe8 25. Bf1 Nxd4 26. Nxd4 Bxd4 27.
g5 Re1 28. Rxh6+ Kg7 29. Rc1 Rxc1+ 30. Kxc1 Re1+ 31. Kd2 Rxf1 32. c3 Bb6 33.
Rf6 Rf2+ 34. Kd3 Rxb2 35. Ke4 Rb5 36. Rf5 d5+ 37. Rxd5 Rxd5 38. Kxd5 c6+ 39.
Ke5 Kg6 40. a4 Bc5 41. c4 b5 42. cxb5 cxb5 43. Kd5 bxa4 44. Kc4 a3 45. Kb3 Bd6
46. Ka2 a4 47. Ka1 Bxf4 48. Ka2 Bd6 49. Kb1 Kxg5 50. Ka2 Kf5 51. Kb1 Ke4 52.
Kc2 Kd4 53. Kb1 Kc3 54. Ka2 Kc2 55. Ka1 Kb3 56. Kb1 a2+ 57. Ka1 Be5# 0-1

[Event "CYCC U12 w"]
[Site "Calgary CAN"]
[Date "2023.07.19"]
[Round "1.63"]
[White "Xiong, Victoria"]
[Black "Wang, Caitlin"]
[Result "0-1"]
[WhiteElo "599"]
[BlackElo "1150"]
[PlyCount "110"]
[EventDate "2023.07.19"]
[EventType "swiss"]
[EventRounds "7"]
[EventCountry "CAN"]

1. d4 d5 2. c4 e6 3. Nf3 Nc6 4. Nc3 Nf6 5. Bg5 Be7 6. Bxf6 Bxf6 7. cxd5 exd5 8.
e3 Be6 9. h3 a6 10. Bd3 h6 11. Bc2 Qd6 12. Ba4 b5 13. Bc2 Rd8 14. e4 dxe4 15.
Nxe4 Qb4+ 16. Qd2 Qxd2+ 17. Nfxd2 Bxd4 18. Nb3 Bxb2 19. Rd1 Rxd1+ 20. Bxd1 Bxb3
21. Bxb3 O-O 22. O-O Ba3 23. Rd1 Re8 24. Bd5 Nb4 25. Nc5 Nxd5 26. Rxd5 Bxc5 27.
Rxc5 Re2 28. a3 Ra2 29. Rc3 c5 30. Kf1 b4 31. axb4 cxb4 32. Rb3 a5 33. Ke1 Ra3
34. Rb2 b3 35. Kd2 a4 36. f3 Kf8 37. g3 Ke7 38. Ke3 Kd6 39. Kd2 Kd5 40. Kd3 f6
41. Kc3 Kc5 42. Kd3 Kb4 43. Rb1 Ra2 44. h4 b2 45. Kc2 a3 46. Rd1 Ra1 47. Rd4+
Kc5 48. Rd8 b1=Q+ 49. Kd2 Qd1+ 50. Ke3 Qxd8 51. f4 Qd4+ 52. Kf3 f5 53. g4 Qd3+
54. Kf2 Ra2+ 55. Ke1 Qb1# 0-1

[Event "CYCC U12 w"]
[Site "Calgary CAN"]
[Date "2023.07.19"]
[Round "1.64"]
[White "Xiao, Stephanie"]
[Black "Xu, Joanne"]
[Result "1-0"]
[WhiteElo "1129"]
[BlackElo "438"]
[PlyCount "131"]
[EventDate "2023.07.19"]
[EventType "swiss"]
[EventRounds "7"]
[EventCountry "CAN"]

1. e4 e5 2. Nf3 Nc6 3. d4 d6 4. dxe5 dxe5 5. Qxd8+ Kxd8 6. Nc3 f5 7. exf5 Bxf5
8. Bd2 Ke8 9. Bb5 e4 10. Nd4 Bd7 11. Nxc6 bxc6 12. Bc4 Nf6 13. Bg5 Bf5 14.
O-O-O h6 15. Bxf6 gxf6 16. Rhe1 h5 17. Nxe4 Bh6+ 18. Kb1 Bxe4 19. Rxe4+ Kf8 20.
Re6 f5 21. Rxc6 Rc8 22. Be6 Re8 23. Bxf5 a5 24. Rxc7 Bf4 25. Rc8 Bxh2 26. Rxe8+
Kxe8 27. g3 h4 28. Rh1 hxg3 29. fxg3 Rf8 30. Rxh2 Rxf5 31. Re2+ Kf7 32. c4 Rf1+
33. Kc2 Rg1 34. c5 Rxg3 35. c6 Rg6 36. Re3 Rxc6+ 37. Rc3 Rb6 38. Ra3 Rb5 39.
Rb3 Rf5 40. Rb7+ Ke8 41. Ra7 Rf2+ 42. Kb3 Rf3+ 43. Ka4 Rf2 44. Ka3 Rf5 45. b3
Kd8 46. Ka4 Rf4+ 47. Kxa5 Rf5+ 48. Ka4 Rf6 49. b4 Rf3 50. b5 Kc8 51. b6 Kb8 52.
Rc7 Rf6 53. Ka5 Rd6 54. a4 Ka8 55. Ka6 Kb8 56. Re7 Kc8 57. Ka7 Kd8 58. b7 Rd4
59. b8=Q+ Kxe7 60. Qe5+ Kd7 61. Qxd4+ Kc6 62. Ka6 Kc7 63. Qf6 Kd7 64. Kb6 Kc8
65. Qe7 Kb8 66. Qb7# 1-0

[Event "CYCC U12 w"]
[Site "Calgary CAN"]
[Date "2023.07.19"]
[Round "2.54"]
[White "Wang, Caitlin"]
[Black "Deepak, Laksshana"]
[Result "0-1"]
[WhiteElo "1150"]
[BlackElo "1681"]
[PlyCount "80"]
[EventDate "2023.07.19"]
[EventType "swiss"]
[EventRounds "7"]
[EventCountry "CAN"]

1. e4 c5 2. Nc3 d6 3. Nf3 Nf6 4. d3 g6 5. Bf4 Nc6 6. Be2 Bg7 7. a3 a6 8. O-O
O-O 9. Bg3 Nh5 10. Kh1 Nxg3+ 11. fxg3 e6 12. Qd2 d5 13. exd5 exd5 14. Rae1 b5
15. Rd1 Rb8 16. b3 Re8 17. Nb1 h6 18. c3 Be6 19. Rfe1 d4 20. c4 bxc4 21. bxc4
Rb3 22. Rc1 Qb6 23. Qc2 Bf5 24. Nh4 Bd7 25. Rf1 Rb2 26. Qd1 Rexe2 27. Re1 Bg4
28. Rxe2 Bxe2 29. Qe1 Qb3 30. Nd2 Qxd3 31. Ndf3 Qe3 32. h3 d3 33. Rd1 Bd4 34.
Nxd4 cxd4 35. Ra1 d2 36. Nf3 dxe1=Q+ 37. Rxe1 Bxf3 38. Rxe3 dxe3 39. gxf3 e2
40. c5 e1=Q# 0-1

[Event "CYCC U12 w"]
[Site "Calgary CAN"]
[Date "2023.07.19"]
[Round "2.55"]
[White "Zhao, Erin"]
[Black "Xiao, Stephanie"]
[Result "1-0"]
[WhiteElo "1613"]
[BlackElo "1129"]
[PlyCount "69"]
[EventDate "2023.07.19"]
[EventType "swiss"]
[EventRounds "7"]
[EventCountry "CAN"]

1. e4 c5 2. Nf3 Nc6 3. d4 cxd4 4. Nxd4 Nf6 5. Nc3 e5 6. Ndb5 d6 7. Bg5 a6 8.
Na3 b5 9. Nd5 Be7 10. Bxf6 Bxf6 11. c3 Bg5 12. Be2 O-O 13. O-O Bb7 14. Nc2 Ne7
15. Ncb4 Nxd5 16. Nxd5 f5 17. Bf3 Kh8 18. Qd3 Bxd5 19. Qxd5 Rc8 20. Rad1 Be7
21. Qd2 Qd7 22. h3 Rfd8 23. exf5 Qxf5 24. Bg4 Qg6 25. Bxc8 Rxc8 26. Qd3 Qe6 27.
Qd5 Qg6 28. Rfe1 Qf5 29. Re3 Qd7 30. Rxe5 Qa7 31. Qe6 Rc7 32. Rxd6 g6 33. Qf7
Qb8 34. Rxe7 Rxe7 35. Qxe7 1-0

[Event "CYCC U12 w"]
[Site "Calgary CAN"]
[Date "2023.07.19"]
[Round "2.56"]
[White "Guo, Lynette"]
[Black "Chen, Shuang"]
[Result "0-1"]
[WhiteElo "974"]
[BlackElo "1576"]
[PlyCount "84"]
[EventDate "2023.07.19"]
[EventType "swiss"]
[EventRounds "7"]
[EventCountry "CAN"]

1. e4 c5 2. Nf3 Nc6 3. d4 cxd4 4. Nxd4 g6 5. Be3 Bg7 6. c3 Nf6 7. Nd2 O-O 8.
Be2 d6 9. O-O Bd7 10. f3 d5 11. Bd3 Ne5 12. Bc2 Qb6 13. Rb1 dxe4 14. Nxe4 Nd5
15. Bf2 Nc4 16. Qc1 Qc7 17. b3 Ncb6 18. Bg3 e5 19. c4 Nb4 20. a3 Nxc2 21. Qxc2
f5 22. c5 Nd5 23. Qc4 Bc6 24. Ne6 Qd7 25. Nxf8 Kxf8 26. Rbd1 Ne3 27. Rxd7 Nxc4
28. Rc7 Ne3 29. Re1 Nd5 30. Rxg7 Kxg7 31. Bxe5+ Kg8 32. b4 fxe4 33. fxe4 Ne7
34. Bd6 Re8 35. Kf2 Nc8 36. Kf3 Kf7 37. g4 Nxd6 38. cxd6 Re6 39. Kf4 Rxd6 40.
e5 Rd4+ 41. Kg5 Kg7 42. h4 h6# 0-1

[Event "CYCC U12 w"]
[Site "Calgary CAN"]
[Date "2023.07.19"]
[Round "2.57"]
[White "Chen, Rae"]
[Black "Leung, Katherine"]
[Result "1-0"]
[WhiteElo "1548"]
[BlackElo "873"]
[PlyCount "53"]
[EventDate "2023.07.19"]
[EventType "swiss"]
[EventRounds "7"]
[EventCountry "CAN"]

1. c4 e5 2. g3 Nf6 3. Bg2 Bc5 4. e3 O-O 5. Ne2 Nc6 6. O-O d6 7. d4 exd4 8. exd4
Bb6 9. Nbc3 h6 10. Na4 Bf5 11. a3 a5 12. Nxb6 cxb6 13. Be3 Ng4 14. Bf4 a4 15.
Nc3 Qd7 16. Nb5 Nf6 17. Bxd6 Rfc8 18. Re1 Bh3 19. Bh1 Na5 20. Re7 Qf5 21. Nc7
Ng4 22. f3 Nxh2 23. Kxh2 Nb3 24. Nxa8 Nxa1 25. Nxb6 Rc6 26. c5 Nc2 27. d5 1-0

[Event "CYCC U12 w"]
[Site "Calgary CAN"]
[Date "2023.07.19"]
[Round "2.58"]
[White "Wangluo, Joanne"]
[Black "Guan, Isabelle"]
[Result "1/2-1/2"]
[WhiteElo "799"]
[BlackElo "1406"]
[PlyCount "58"]
[EventDate "2023.07.19"]
[EventType "swiss"]
[EventRounds "7"]
[EventCountry "CAN"]

1. d4 Nf6 2. Nf3 e6 3. Bf4 b6 4. Nbd2 Bb7 5. e3 g6 6. Bd3 Bg7 7. c3 d6 8. h3
Nbd7 9. O-O Qe7 10. Qc2 O-O-O 11. a4 e5 12. Bg5 e4 13. Nxe4 Bxe4 14. Bxe4 Qxe4
15. Qxe4 Nxe4 16. Bxd8 Rxd8 17. c4 c5 18. a5 Kb7 19. Rfd1 Rc8 20. Ra4 cxd4 21.
exd4 bxa5 22. d5 Nb6 23. Rxa5 Rxc4 24. Rda1 Nc8 25. R5a4 Rxa4 26. Rxa4 Nc5 27.
Ra2 Nb6 28. Ng5 Nxd5 29. Nxf7 Bf8 1/2-1/2

[Event "CYCC U12 w"]
[Site "Calgary CAN"]
[Date "2023.07.19"]
[Round "2.59"]
[White "Vallabhajosyula, Vijaya"]
[Black "Wang, April"]
[Result "1-0"]
[WhiteElo "760"]
[BlackElo "1287"]
[PlyCount "211"]
[EventDate "2023.07.19"]
[EventType "swiss"]
[EventRounds "7"]
[EventCountry "CAN"]

1. g3 d5 2. Bg2 Bf5 3. Nf3 e6 4. d3 Nf6 5. O-O Bc5 6. Re1 Nc6 7. c3 O-O 8. Bg5
h6 9. Bxf6 Qxf6 10. Qb3 Bb6 11. Nbd2 Rad8 12. a4 Rfe8 13. Rad1 Ne5 14. d4 Nxf3+
15. Nxf3 c6 16. Ra1 Qe7 17. a5 Bc7 18. Qxb7 Qd6 19. Qb3 Rb8 20. Qa3 Qd7 21. b4
a6 22. Rac1 Red8 23. Qb3 Bxa5 24. Qa4 Bc7 25. Ne5 Bxe5 26. dxe5 Ra8 27. Rcd1
Qc7 28. e4 Bg6 29. exd5 cxd5 30. Qb3 Rdc8 31. Rc1 Qc4 32. Qxc4 Rxc4 33. Bf1 Rc6
34. Ra1 Rxc3 35. b5 a5 36. Re2 a4 37. Rea2 a3 38. Be2 Rb3 39. b6 Rxb6 40. Rxa3
Rxa3 41. Rxa3 Rb1+ 42. Kg2 Re1 43. Bf3 Rxe5 44. Bg4 d4 45. f4 Rd5 46. h4 d3 47.
Ra1 Kf8 48. Bf3 Rd6 49. h5 Bh7 50. Ra8+ Ke7 51. Rh8 Bf5 52. g4 d2 53. gxf5 d1=Q
54. Bxd1 Rxd1 55. fxe6 Kxe6 56. Rh7 Kf6 57. Rh8 Rd5 58. Kf3 Rxh5 59. Rd8 Rh1
60. Rd6+ Ke7 61. Rb6 h5 62. Rb7+ Kf6 63. Kg2 Rh4 64. Kg3 Rg4+ 65. Kf3 Kg6 66.
Rb5 f5 67. Rb1 h4 68. Rh1 Rg3+ 69. Kf2 Kh5 70. Rh2 Kg4 71. Rh1 Kxf4 72. Rxh4+
Ke5 73. Kxg3 g5 74. Rh1 Kf6 75. Re1 Kf7 76. Rf1 Kf6 77. Ra1 Kf7 78. Ra6 Kg7 79.
Rd6 Kf7 80. Kf3 Kg7 81. Ke3 Kf7 82. Kd4 Kg7 83. Ke5 f4 84. Rf6 f3 85. Rxf3 Kg6
86. Rg3 g4 87. Rxg4+ Kf7 88. Kd6 Kf6 89. Rf4+ Kg5 90. Rf1 Kg4 91. Ke5 Kg3 92.
Ke4 Kg2 93. Rf8 Kg3 94. Rf7 Kg2 95. Ke3 Kg1 96. Ke2 Kg2 97. Rg7+ Kh3 98. Kf2
Kh4 99. Kf3 Kh5 100. Kf4 Kh6 101. Rg1 Kh7 102. Kf5 Kh6 103. Rg2 Kh7 104. Kf6
Kh8 105. Kf7 Kh7 106. Rh2# 1-0